Austrian-school Economists - Sudden Death - Statistics

General Stats
  • This quiz has been taken 23 times
  • The average score is 4 of 13
Answers on the Grid
Answers color-coded by a green-red scale on the quiz's grid according to % correct below.
Adam Smith
Carl Menger
David Ricardo
Eugen von Böhm-Bawerk
Friedrich August von Hayek
Friedrich von Wieser
Gary Becker
George Stigler
Hans Mayer
Hans-Hermann Hoppe
Henry Hazlitt
Israel Kirzner
John Maynard Keynes
Karl Marx
Leon Walras
Lew Rockwell
Lew Trotsky
Ludwig von Mises
Milton Friedman
Murray Rothbard
Peter Schiff
Ronald Coase
Thomas Sowell
Walter Block
 
Answer Stats
Answer % Correct
Friedrich August von Hayek
76%
Eugen von Böhm-Bawerk
65%
Carl Menger
59%
Hans-Hermann Hoppe
53%
Ludwig von Mises
41%
Friedrich von Wieser
35%
Murray Rothbard
29%
Henry Hazlitt
18%
Israel Kirzner
18%
Hans Mayer
12%
Lew Rockwell
6%
Walter Block
6%
Peter Schiff
0%
No matching quizzes found
Score Distribution
Percent of People with Each Score
Percentile by Number Answered
Your Score History
You have not taken this quiz